000 00748nam a2200205 a 4500
005 20231011063616.0
008 010718s1984 mx r 000 0 eng d
020 _a9682416221
035 _aUPN01000109839
040 _aUPN
_bspa
_cUPN
049 _aCG
050 4 _aLA427.7
_bD5.4
100 1 _aDíaz Barriga, Ángel,
_d1949-
_944004
245 1 0 _a11 ensayos sobre la problemática curricular :
_bcurso básico para formación de profesores área de sistematización de la enseñanza, unidad : evaluación del proceso de enseñanza-aprendizaje /
_cAngel Díaz Barriga.
260 _aMéxico :
_bTrillas,
_c1984.
300 _a93 p.
650 4 _aEducación superior
_zMéxico
_xPlanes y programas
_91547
905 _aLibro
942 _2lcc
_cLIBRO
999 _c83749
_d83749